=LDR 00000nam 2200000 4500 =001 INLIS000000000050478 =005 20170505092804 =035 ##$$a 0010-0517000131 =007 ta =008 170505###########################0###### =020 ##$$a 978-602-9348-36-4 =082 ##$$a 639.31 =084 ##$$a 639.31 PUT p =100 #$$a Putra, Ibnu =245 1#$$a Panduan Praktis Beternak Ikan Mujair /$c Putra, Ibnu =250 ##$$a Cet.1 =260 ##$$a Yogyakarta :$b Air Publishing,$c 2016 =300 ##$$a 104 hlm : $b Ilus ; $c 20, 5 cm. =650 ##$$a Ikan Mujair =990 ##$$a 78977897 =990 ##$$a 78977897 =990 ##$$a 31700945 =990 ##$$a 02201707897 =990 ##$$a 31700946 =990 ##$$a 31700945